México 2010 : el juicio del siglo /
En el marco de la conmemoración del bicentenario de la Independencia y el centenario de la revolución, el libro presente hace una recuperación crítica del último siglo de vida nacional, evidenciando los grandes problemas enfrentados por el país en el período, pero también los logros inobjetables con...
Guardado en:
| 主要作者: | |
|---|---|
| 其他作者: | |
| 格式: | 圖書 |
| 語言: | 西班牙语 |
| 出版: |
México :
Taurus,
2010, c2010
|
| 叢編: | (Pensamiento Taurus)
|
| 主題: | |
| 標簽: |
沒有標簽, 成為第一個標記此記錄!
|
MARC
| LEADER | 00000nam^a2200000^a^4500 | ||
|---|---|---|---|
| 001 | 000304372 | ||
| 005 | 20250521000000.0 | ||
| 009 | 20260310112716.338 | ||
| 020 | |a 978-607-11-0634-6 | ||
| 037 | |a Acervo ITESO - Biblioteca | ||
| 041 | |a ESP | ||
| 082 | |a 320. 97206 |b CAS | ||
| 100 | |a Casar, María Amparo |e (ed.) | ||
| 245 | 1 | 0 | |a México 2010 : |b el juicio del siglo / |c Ed. de M.A. Casar, G. González. |
| 264 | 4 | |a México : |b Taurus, |c 2010, c2010 | |
| 300 | |a 322 p. | ||
| 336 | |a texto |b txt |2 rdacontenido | ||
| 337 | |a sin mediación |b n |2 rdamedio | ||
| 338 | |a volumen |b nc |2 rdasoporte | ||
| 440 | 1 | |a (Pensamiento Taurus) | |
| 520 | |a En el marco de la conmemoración del bicentenario de la Independencia y el centenario de la revolución, el libro presente hace una recuperación crítica del último siglo de vida nacional, evidenciando los grandes problemas enfrentados por el país en el período, pero también los logros inobjetables conseguidos. | ||
| 649 | |a XX | ||
| 650 | |a Cultura - |z México - |x Historia - |y Siglo XX | ||
| 650 | |a Economía - |z México - |x Historia - |y Siglo XX | ||
| 650 | |a Política Exterior - |z México - |x Historia - |y Siglo XX | ||
| 650 | |a Política - |z México - |x Historia - |y Siglo XX | ||
| 650 | |a México - |x Historia - |y Siglo XX - |x Tema Principal | ||
| 650 | |a México - |x Historia - |y Bicentenario de la Independencia, 2010 | ||
| 650 | |a México - |x Historia - |y Centenario de la Revolución, 2010 | ||
| 700 | |a González, Guadalupe |e (edición) | ||
| 910 | |a Fondo General | ||
| 920 | |a Impresos - Libros | ||
| 930 | |a Colección General | ||
| 905 | |a 101 | ||
| 901 | |a 0500190793 |b IT1 |c ACC |i C125040 |u 20250521 | ||
| 902 | |a https://opac.biblio.iteso.mx/vufind/Record/000304372 | ||